Ben 10 Classic Aliens Debuts - Sudden Death - Statistics

General Stats
  • This quiz has been taken 163 times
  • The average score is 17 of 22
Answers on the Grid
Answers color-coded by a green-red scale on the quiz's grid according to % correct below.
Heatblast
Clockwork
Chamalien
Wildmutt
Swampfire
Astrodactyl
Blitzwolfer
Humungousaur
Ripjaws
Big chill
Frankensrike
Pesky Dust
Four Arms
Wildvine
The Worst
Kickin'Hawk
Buzzshock
Stinkfly
Diamondhead
Nanomech
Eatle
Upchuck
Ditto
Fasttrack
XLR8
Arctiguana
NRG
Bloxx
Spitter
Gravattack
Eye Guy
Rath
Shocksquatch
Snare-oh
Mole-satche
Grey Matter
Crashhopper
Ampfibian
Brainstorm
Upgrade
Ghostfreak
Spidermonkey
Canonbolt
Way Big
Alien X
 
Answer Stats
Answer % Correct
XLR8
85%
Diamondhead
84%
Four Arms
84%
Grey Matter
83%
Heatblast
83%
Upgrade
83%
Wildmutt
82%
Stinkfly
80%
Ghostfreak
79%
Ripjaws
79%
Upchuck
79%
Canonbolt
77%
Wildvine
76%
Blitzwolfer
74%
Ditto
72%
Eye Guy
72%
Way Big
70%
Frankensrike
68%
Snare-oh
66%
Spitter
60%
Arctiguana
59%
Buzzshock
57%
No matching quizzes found
Score Distribution
Percent of People with Each Score
Percentile by Number Answered
Your Score History
You have not taken this quiz